Szczegóły MARC21

Zagadnienia i kierunki filozofii : teoria poznania, metafizyka /

003 -Nazwa inst., której nr kontr. jest w polu 001 [,]
    • @
    • Nazwa instytucji, której n kontrolny jest w polu 001
    • NUKAT
005 -DATA I CZAS OSTATNIEJ MODYFIKACJI [,]
    • @
    • pole kontrolne
    • 20241231102901.0
020 -Międzynarod. znormalizowany nr książki - ISBN [ , ]
    • a
    • Numer ISBN
    • 8388524275 Find
020 -Międzynarod. znormalizowany nr książki - ISBN [ , ]
    • a
    • Numer ISBN
    • 8389372029 Find
040 -Instytucja sporządzająca opis [ , ]
    • a
    • Instytucja, która sporządziła opis (NP)
    • WA U/98AST
    • c
    • Instytucja, która sporządziła rekord (NP)
    • WA U/AST
    • d
    • Instytucja, która zmodyfikowała rekord (P)
    • WA U/98MAJ
    • d
    • Instytucja, która zmodyfikowała rekord (P)
    • WA U/98MAPs
    • d
    • Instytucja, która zmodyfikowała rekord (P)
    • SZCZ 010/KW
    • d
    • Instytucja, która zmodyfikowała rekord (P)
    • KR U/47DB
    • d
    • Instytucja, która zmodyfikowała rekord (P)
    • SIEDL 001/AD
942 -Rodzaj dokumentu [ , ]
    • c
    • Rodzaj dokumentu
    • Książka
100 -Hasło główne - nazwa osobowa [1, ]
    • a
    • Nazwa osobowa (NP)
    • Ajdukiewicz, Kazimierz
    • d
    • Daty biograficzne (NP)
    • (1890-1963).
    • 9
    • KHW
    • 17552
240 -Tytuł ujednolicony [1,0]
    • a
    • Tytuł ujednolicony
    • Zagadnienia i kierunki filozofii
    • l
    • Język tekstu
    • (pol.)
    • 9
    • KHW
    • 344640
245 -Strefa tytułu i oznaczenia odpowiedzialności [1,0]
    • a
    • Tytuł
    • Zagadnienia i kierunki filozofii : Find
    • b
    • Ciąg dalszy tytułu (NP)
    • teoria poznania, metafizyka / Find
    • c
    • Pozostałe elementy strefy tytułu i oznaczenia odpowiedzialności (NP)
    • Kazimierz Ajdukiewicz ; wstęp Jan Woleński.
250 -Strefa wydania [ , ]
    • a
    • Oznaczenie wydania (NP)
    • Wyd. 4, popr.
260 -Strefa adresu wydawniczego [ , ]
    • a
    • Miejsce wydania (P)
    • Kęty :
    • b
    • Nazwa wydawcy (P)
    • Wydaw. Antyk ;
    • a
    • Miejsce wydania (P)
    • Warszawa :
    • b
    • Nazwa wydawcy (P)
    • Fundacja Aletheia,
    • c
    • Data wydania (P)
    • 2004.
300 -Strefa opisu fizycznego [ , ]
    • a
    • Określenie formy książki i/lub objętość (NP)
    • 150, [1] s. ;
    • c
    • Format (NP)
    • 21 cm.
336 -Typ zawartości [ , ]
    • a
    • Termin opisujący typ zawartości
    • Tekst
    • b
    • Kod określający zawartość
    • txt
    • 2
    • Źródło (terminu i kodu)
    • rdacontent
337 -Typ mediów [ , ]
    • a
    • Tryb odtwarzania
    • Bez urządzenia pośredniczącego
    • b
    • Kod typu mediów
    • n
    • 2
    • Źródło (terminu i kodu)
    • rdamedia
338 -Typ/rodzaj nośnika [ , ]
    • a
    • Hasło opisujące typ nośnika
    • Wolumin
    • b
    • Kod typu nośnika
    • nc
    • 2
    • Źródło (terminu i kodu)
    • rdacarrier
490 -Strefa serii i książki wielotomowej - forma nie do wyszukiwania [1, ]
    • a
    • Tytuł (P)
    • Daimonion Find
830 -Hasło dodatkowe serii i opisu książki wielotomowej - tytuł ujednolicony/tytuł [ ,0]
    • a
    • Tytuł ujednolicony/tytuł (NP)
    • Daimonion
    • 9
    • KHW
    • 14365
500 -Uwaga ogólna [ , ]
    • a
    • Uwaga ogólna (NP)
    • Podst. wyd.: K. Ajdukiewicz, Zagadnienia i kierunki filozofii, teoria poznania, metafizyka, Czytelnik, Warszawa 1983.
080 -Uniwersalna Klasyfikacja Dziesiętna [ , ]
    • 2
    • Identyfikator wydania tablic
    • UDC-PO58
    • a
    • Symbol klasyfikacji
    • 165
    • b
    • Dopowiedzenie
    • Teoria poznania. Epistemologia. Zadania i cele poznania. Prawdziwość poznania. Warunki, źródła i rodzaje poznania. Przedmiot, zakres i granice poznania. Pewność i ważność poznania. Stanowiska i kierunki w teorii poznania. Empiryzm. Krytycyzm. Sceptycyzm. Relatywizm. Pragmatyzm. Strukturalizm. Subiektywizm. Realizm teoriopoznawczy. Fenomenologia.
080 -Uniwersalna Klasyfikacja Dziesiętna [ , ]
    • 2
    • Identyfikator wydania tablic
    • UDC-PO58
    • a
    • Symbol klasyfikacji
    • 111
    • b
    • Dopowiedzenie
    • Metafizyka ogólna. Ontologia. Pojęcie bytu. Istnienie. Istota. Substancja. Akcydensy. Akt. Możność. Byty moralne. Byty stworzone. Byty niestworzone. Byty niematerialne. Relacje. Ruch. Zmiana. Rozwój.
650 -Hasło przedmiotowe [ ,7]
    • a
    • Hasło przedmiotowe
    • Teoria poznania.
    • 2
    • Źródło terminu
    • kaba
    • 9
    • KHW
    • 133353
650 -Hasło przedmiotowe [ ,7]
    • a
    • Hasło przedmiotowe
    • Metafizyka.
    • 2
    • Źródło terminu
    • kaba
    • 9
    • KHW
    • 119002
650 -Hasło przedmiotowe [ ,7]
    • a
    • Hasło przedmiotowe
    • Filozofia.
    • 2
    • Źródło terminu
    • kaba
    • 9
    • KHW
    • 108727
980 -Symbol UKD [ , ]
    • a
    • UKD
    • 165+111
700 -Hasło dodatkowe - nazwa osobowa [1, ]
    • a
    • Nazwa osobowa (NP)
    • Woleński, Jan Find
    • d
    • Daty biograficzne (NP)
    • (1940- ).
    • e
    • Określenie rodzaju współpracy
    • Wstęp
    • 9
    • KHW
    • 15758
710 -Hasło dodatkowe - nazwa ciała zbiorowego [2, ]
    • a
    • Nazwa ciała zbiorowego lub nazwa geograficzna jako pierwszy element (NP)
    • Wydawnictwo Antyk, Marek Derewiecki.
    • 4
    • Kod relacji
    • pbl
    • 9
    • KHW
    • 91381
710 -Hasło dodatkowe - nazwa ciała zbiorowego [2, ]
    • a
    • Nazwa ciała zbiorowego lub nazwa geograficzna jako pierwszy element (NP)
    • Fundacja Aletheia.
    • 4
    • Kod relacji
    • pbl
    • 9
    • KHW
    • 66009
920 -ISBN [ , ]
    • a
    • ISBN
    • 83-88524-27-5 Find
920 -ISBN [ , ]
    • a
    • ISBN
    • 83-89372-02-9 Find
Numer inwentarzowy Status udost. Sygnatura Lokalizacja Data inwentaryzacji
WM.7037-3 BG2007-10-04
SA.203971SA.20397BSA2011-10-05
GW.6909-31GW2016-03-11